|
|
|
|
| LEADER |
00000nam a2200000Ia 4500 |
| 008 |
170529b2004 cr ||||| |||| 00| 0 spa d |
| 999 |
|
|
|c 1278
|d 1278
|
| 090 |
|
|
|a 04.02.01
|b 1451
|
| 100 |
1 |
|
|a Van Banning, Theo
|9 2874
|
| 245 |
1 |
0 |
|a Human Rights Instruments /
|c Theo van Banning, Magdalena Sepúlveda, Gudrún D Gudundsdóttir, Christine Chamoun
|
| 260 |
|
|
|a San José, Costa Rica :
|b University for Peace,
|c 2004
|
| 300 |
|
|
|a 243 páginas
|
| 650 |
1 |
4 |
|a DERECHOS HUMANOS
|9 588
|
| 650 |
1 |
4 |
|a JUSTICIA SOCIAL
|9 493
|
| 650 |
1 |
4 |
|a LEGISLACIÓN
|9 45
|
| 651 |
|
4 |
|a AFRICA
|9 537
|
| 651 |
|
4 |
|a AMÉRICA
|9 346
|
| 651 |
|
4 |
|a EUROPA
|9 1005
|
| 700 |
1 |
|
|a Sepúlveda, Magdalena
|9 2875
|
| 700 |
1 |
|
|a Gudundsdóttir, Gudrún D.
|9 2876
|
| 700 |
|
|
|a Chamoun, Christine
|9 2877
|
| 942 |
|
|
|i 003126
|h 04.02.01 1451
|2 z
|c 01
|